The International Hydrographic Review (Record no. 118604)

MARC details
000 -LEADER
fixed length control field 00561cas a22002055a 4500
001 - CONTROL NUMBER
control field L348
008 - FIXED-LENGTH DATA ELEMENTS--GENERAL INFORMATION
fixed length control field 070612c1947 mc fr p 0 a0eng
035 ## - SYSTEM CONTROL NUMBER
System control number (Sirsi) u98968
041 ## - LANGUAGE CODE
Language code of text/sound track or separate title eng
110 2# - MAIN ENTRY--CORPORATE NAME
Corporate name or jurisdiction name as entry element International Hydrographic Bureau
9 (RLIN) 449
245 04 - TITLE STATEMENT
Title The International Hydrographic Review
260 ## - PUBLICATION, DISTRIBUTION, ETC.
Place of publication, distribution, etc. Monaco
Name of publisher, distributor, etc. International Hydrographic Bureau
Date of publication, distribution, etc. 1947-
350 ## - PRICE (NR) (BK AM CF MU VM SE) [OBSOLETE]
Price 0
362 ## - DATES OF PUBLICATION AND/OR SEQUENTIAL DESIGNATION
Dates of publication and/or sequential designation 46(1) 1969-new series 1(1) July 2000
554 ## -
-- Two per year
651 #4 - SUBJECT ADDED ENTRY--GEOGRAPHIC NAME
Geographic name International
690 ## - LOCAL SUBJECT ADDED ENTRY--TOPICAL TERM (OCLC, RLIN)
Topical term or geographic name as entry element Hydrography
9 (RLIN) 6245
942 ## - ADDED ENTRY ELEMENTS (KOHA)
Suppress in OPAC 0
948 ## - LOCAL PROCESSING INFORMATION (OCLC); SERIES PART DESIGNATOR (RLIN)
c (OCLC) 20/01/1995
Holdings
Withdrawn status Lost status Source of classification or shelving scheme Damaged status Not for loan Home library Current library Shelving location Date acquired Total Checkouts Full call number Barcode Date last seen Price effective from Koha item type
    Dewey Decimal Classification     London London Basement 20/09/2005   INTERNATIONAL HYDROGRAPHIC REVIEW 98968-2001 06/08/2019 06/08/2019 Journal